[Event "West Bromwich 4NCL op-A 9th"]
[Site "West Bromwich"]
[Date "2016.07.10"]
[Round "5"]
[White "Kingston, Ian"]
[Black "Celinski, Kamil"]
[Result "0-1"]
[WhiteElo "1939"]
[BlackElo "1852"]
[PlyCount "124"]
[EventDate "2016.07.08"]
[EventType "swiss"]
[EventRounds "5"]
[EventCountry "ENG"]
[SourceTitle "CBM 173 Extra"]
[Source "ChessBase"]
[SourceDate "2016.08.29"]
[SourceVersion "1"]
[SourceVersionDate "2016.08.29"]
[SourceQuality "1"]

1. e4 c5 2. Nf3 e6 3. d4 cxd4 4. Nxd4 Nc6 5. Be3 Qc7 6. Bd3 a6 7. 0-0 Nf6 8. h3 d5 9. Nc3 Nxd4 10. Bxd4 e5 11. Bxe5 Qxe5 12. exd5 Be7 13. Re1 Qd6 14. Qe2 Bd7 15. Rad1 Kf8 16. Ne4 Nxe4 17. Bxe4 Re8 18. Qd3 Bd8 19. Re3 Bb6 20. Rf3 Bc7 21. Rg3 h5 22. Qd4 Qe5 23. d6 Qxd4 24. Rxd4 Bd8 25. Bxb7 Bf6 26. Rd1 Bxb2 27. c4 Ba4 28. Rb1 Be5 29. Ra3 Bc2 30. Rb6 Rh6 31. c5 Rd8 32. Rbxa6 Re6 33. Bd5 Ree8 34. Ra7 Bg6 35. Bc6 Rb8 36. g3 Rec8 37. Bd7 Rxc5 38. Ra8 Bxd6 39. Rxb8+ Bxb8 40. Ra8 Rc1+ 41. Kh2 Rh1+ 42. Kxh1 Be4+ 43. Kg1 Bxa8 44. h4 Ke7 45. Bc8 Bc6 46. g4 hxg4 47. Bxg4 Ba4 48. Kg2 Kf6 49. Bc8 Kg6 50. Bb7 Bb5 51. Bf3 Bc7 52. Bd1 Bd6 53. a4 Ba6 54. Kh3 Bf1+ 55. Kg4 f5+ 56. Kf3 Kh5 57. Bb3 Kxh4 58. Be6 Bd3 59. Bc8 Kg5 60. a5 Be4+ 61. Ke2 Kf4 62. a6 Bc5 0-1

[Event "BCF-ch Week1 AM op"]
[Site "Coventry"]
[Date "2015.07.29"]
[Round "3"]
[White "Wright, Jonathan"]
[Black "Kingston, Ian"]
[Result "1-0"]
[WhiteElo "1899"]
[BlackElo "1959"]
[PlyCount "111"]
[EventDate "2015.07.27"]
[EventType "swiss"]
[EventRounds "5"]
[EventCountry "ENG"]
[SourceTitle "EXT 2016"]
[Source "ChessBase"]
[SourceDate "2015.10.08"]
[SourceVersion "1"]
[SourceVersionDate "2015.10.08"]
[SourceQuality "1"]

1. e4 e5 2. Nf3 Nc6 3. Bb5 g6 4. c3 Bg7 5. d4 exd4 6. cxd4 Nge7 7. 0-0 a6 8. Ba4 0-0 9. Nc3 d5 10. e5 Bg4 11. Bxc6 Nxc6 12. Ne2 Bxf3 13. gxf3 f6 14. f4 Qd7 15. Ng3 Ne7 16. Re1 fxe5 17. dxe5 Qe6 18. Be3 b6 19. Qd3 c5 20. Rad1 d4 21. Bc1 Nd5 22. Qf3 Ra7 23. h4 Raf7 24. Ne4 Rxf4 25. Bxf4 Rxf4 26. Ng5 Qg4+ 27. Qxg4 Rxg4+ 28. Kf1 Rxh4 29. e6 Bf6 30. Ne4 Be7 31. Kg2 Rg4+ 32. Ng3 h5 33. Kf3 Rf4+ 34. Kg2 h4 35. Ne2 Rf6 36. Nc1 Nf4+ 37. Kh2 g5 38. Re5 Nxe6 39. Kg1 Bd6 40. Rd5 Bc7 41. Nd3 Kf7 42. Re1 c4 43. Nb4 a5 44. Rd7+ Kg6 45. Nd5 Bf4 46. Nxf6 Kxf6 47. Rb7 Bd2 48. Re2 c3 49. Rxb6 c2 50. Rexe6+ Kf5 51. Rf6+ Ke4 52. Rbe6+ Kd5 53. Rd6+ Kc4 54. Rc6+ Kd3 55. Rf3+ Be3 56. fxe3 1-0

[Event "Birmingham 4NCL op-A 3rd"]
[Site "Birmingham"]
[Date "2015.07.19"]
[Round "5"]
[White "Marsh, Roger DW"]
[Black "Kingston, Ian"]
[Result "1/2-1/2"]
[WhiteElo "2013"]
[BlackElo "1959"]
[PlyCount "80"]
[EventDate "2015.07.17"]
[EventType "swiss"]
[EventRounds "5"]
[EventCountry "ENG"]
[SourceTitle "CBM 167 Extra"]
[Source "ChessBase"]
[SourceDate "2015.09.14"]
[SourceVersion "1"]
[SourceVersionDate "2015.09.14"]
[SourceQuality "1"]

1. d4 d5 2. c4 e5 3. dxe5 d4 4. Nf3 Nc6 5. a3 Bg4 6. Nbd2 Qe7 7. g3 Nxe5 8. Bg2 Nd3+ 9. Kf1 Nxc1 10. Rxc1 g6 11. Nxd4 Bg7 12. Bxb7 Bh3+ 13. Ke1 Bxd4 14. Bxa8 Nf6 15. Bc6+ Kf8 16. Nf3 Bxb2 17. Ng5 Bf5 18. h4 Kg7 19. Kf1 Rd8 20. Qe1 Bxc1 21. Qxc1 Qc5 22. Bf3 h6 23. Nh3 Rd4 24. Kg2 Rxc4 25. Qa1 Rc3 26. Nf4 Qxa3 27. Qxa3 Rxa3 28. Rc1 g5 29. hxg5 hxg5 30. Nd3 Bxd3 31. exd3 Rxd3 32. Rxc7 Rd7 33. Rc5 Kg6 34. Bc6 Re7 35. Ba4 Ne4 36. Bc2 Kf6 37. Ra5 Nd6 38. Ra6 Ke5 39. Ra5+ Kf6 40. Ra6 Ke5 1/2-1/2

[Event "Birmingham 4NCL op-A 3rd"]
[Site "Birmingham"]
[Date "2015.07.18"]
[Round "2"]
[White "Kingston, Ian"]
[Black "Mason, Donald"]
[Result "1/2-1/2"]
[WhiteElo "1959"]
[BlackElo "2145"]
[PlyCount "50"]
[EventDate "2015.07.17"]
[EventType "swiss"]
[EventRounds "5"]
[EventCountry "ENG"]
[SourceTitle "CBM 167 Extra"]
[Source "ChessBase"]
[SourceDate "2015.09.14"]
[SourceVersion "1"]
[SourceVersionDate "2015.09.14"]
[SourceQuality "1"]

1. e4 g6 2. d4 Bg7 3. Nf3 d6 4. Nc3 a6 5. a4 b6 6. Bc4 e6 7. 0-0 Ne7 8. Be3 Bb7 9. Qd2 h6 10. Ba2 Nd7 11. Rad1 Nf6 12. e5 Nfd5 13. exd6 cxd6 14. Nxd5 Nxd5 15. c4 Nxe3 16. Qxe3 0-0 17. b4 b5 18. cxb5 axb5 19. a5 Rc8 20. Qd3 Qd7 21. Rfe1 Bd5 22. Bxd5 exd5 23. Nd2 Qa7 24. Qxb5 Bxd4 25. Rf1 Bc3 1/2-1/2

[Event "Birmingham 4NCL op 1st"]
[Site "Birmingham"]
[Date "2015.01.31"]
[Round "2"]
[White "Kingston, Ian"]
[Black "Stewart, Ashley"]
[Result "1/2-1/2"]
[WhiteElo "1954"]
[BlackElo "2084"]
[PlyCount "119"]
[EventDate "2015.01.30"]
[EventType "swiss"]
[EventRounds "5"]
[EventCountry "ENG"]
[SourceTitle "EXT 2023"]
[Source "ChessBase"]
[SourceDate "2022.10.05"]
[SourceVersion "1"]
[SourceVersionDate "2022.10.05"]
[SourceQuality "1"]

1. e4 c5 2. Nf3 g6 3. Bc4 Bg7 4. 0-0 Nc6 5. Re1 d6 6. h3 e6 7. c3 Nge7 8. d4 cxd4 9. cxd4 Qb6 10. e5 d5 11. Bb3 Nf5 12. Be3 0-0 13. Nc3 f6 14. Na4 Qd8 15. Bf4 fxe5 16. Bxe5 Bxe5 17. dxe5 Bd7 18. Nc5 b6 19. Nd3 Rc8 20. Nf4 Nh4 21. Nxh4 Rxf4 22. g3 Rf8 23. Bxd5 exd5 24. Qxd5+ Kh8 25. e6 Be8 26. Qxd8 Rxd8 27. e7 Nxe7 28. Rxe7 Rd2 29. Rae1 Bb5 30. Rxa7 Bc6 31. f4 Rfd8 32. Rae7 Rxb2 33. R7e2 Rdd2 34. Rxd2 Rxd2 35. Rc1 Rd6 36. Rc2 Kg7 37. Kf2 Kf6 38. Nf3 Bxf3 39. Kxf3 Rd3+ 40. Kf2 Ra3 41. Rb2 b5 42. Rxb5 Rxa2+ 43. Kf3 h5 44. Rb6+ Kg7 45. Re6 Ra3+ 46. Re3 Ra4 47. g4 hxg4+ 48. Kxg4 Kf6 49. Rb3 Ra5 50. Rb6+ Kf7 51. Rd6 Rb5 52. Rd4 Kf6 53. h4 Ra5 54. Re4 Rb5 55. Re5 Rb1 56. Rc5 Rg1+ 57. Kf3 Rf1+ 58. Kg3 Rg1+ 59. Kf3 Rf1+ 60. Kg3 1/2-1/2

[Event "Sunningdale e2e4 op 04"]
[Site "Ascot"]
[Date "2014.04.21"]
[Round "9"]
[White "Golding, Alex"]
[Black "Kingston, Ian"]
[Result "1-0"]
[WhiteElo "1702"]
[BlackElo "1963"]
[PlyCount "63"]
[EventDate "2014.04.17"]
[EventType "swiss"]
[EventRounds "9"]
[EventCountry "ENG"]
[SourceTitle "CBM 159 Extra"]
[Source "ChessBase"]
[SourceDate "2014.04.24"]
[SourceVersion "1"]
[SourceVersionDate "2014.04.24"]
[SourceQuality "1"]

1. e4 e5 2. Nf3 Nc6 3. Bc4 Nf6 4. Ng5 d5 5. exd5 Na5 6. Bb5+ c6 7. dxc6 bxc6 8. Bd3 Nd5 9. Nf3 Bd6 10. a3 0-0 11. 0-0 Bg4 12. b4 Nb7 13. Be2 Qc7 14. h3 Bh5 15. d3 Rae8 16. Nfd2 Bxe2 17. Qxe2 f5 18. Nc4 e4 19. Nxd6 Nxd6 20. c4 Nf6 21. Bf4 c5 22. Nc3 Qd7 23. bxc5 Nb7 24. c6 Qxc6 25. d4 Na5 26. c5 Nd5 27. Qa2 Rd8 28. Bd6 Rxd6 29. cxd6 Qxc3 30. Qxd5+ Kh8 31. Rac1 Qxa3 32. Ra1 1-0

[Event "Sunningdale e2e4 op 04"]
[Site "Ascot"]
[Date "2014.04.19"]
[Round "5"]
[White "Gibson, Christopher A"]
[Black "Kingston, Ian"]
[Result "0-1"]
[WhiteElo "2020"]
[BlackElo "1963"]
[PlyCount "40"]
[EventDate "2014.04.17"]
[EventType "swiss"]
[EventRounds "9"]
[EventCountry "ENG"]
[SourceTitle "CBM 159 Extra"]
[Source "ChessBase"]
[SourceDate "2014.04.24"]
[SourceVersion "1"]
[SourceVersionDate "2014.04.24"]
[SourceQuality "1"]

1. e4 e5 2. Nf3 Nc6 3. c3 d5 4. Qa4 Nf6 5. Nxe5 Bd7 6. Nxd7 Qxd7 7. exd5 Qxd5 8. Qc4 Qg5 9. Na3 Bxa3 10. bxa3 0-0 11. d4 Rfe8+ 12. Kd1 Qg6 13. Qd3 Qg4+ 14. Qf3 Nxd4 15. Qxg4 Nxg4 16. Rg1 Nxf2+ 17. Kd2 Ne4+ 18. Kd1 Nxc3+ 19. Kd2 Ne4+ 20. Kd1 Rad8 0-1

[Event "Sunningdale e2e4 op 04"]
[Site "Ascot"]
[Date "2014.04.17"]
[Round "1"]
[White "Kingston, Ian"]
[Black "Player, Edmund C"]
[Result "0-1"]
[WhiteElo "1963"]
[BlackElo "2246"]
[PlyCount "62"]
[EventDate "2014.04.17"]
[EventType "swiss"]
[EventRounds "9"]
[EventCountry "ENG"]
[SourceTitle "CBM 159 Extra"]
[Source "ChessBase"]
[SourceDate "2014.04.24"]
[SourceVersion "1"]
[SourceVersionDate "2014.04.24"]
[SourceQuality "1"]

1. e4 e6 2. d4 d5 3. Nc3 Bb4 4. Nge2 dxe4 5. a3 Be7 6. Nxe4 Nf6 7. N2g3 Nbd7 8. Bd3 b6 9. 0-0 Bb7 10. Re1 0-0 11. c3 c5 12. dxc5 Nxc5 13. Nxc5 Bxc5 14. Qc2 Ng4 15. Re2 Qh4 16. Nf1 Rad8 17. Be3 Bxe3 18. fxe3 Ne5 19. Bb5 a6 20. Ba4 b5 21. Bb3 Be4 22. Qc1 Nd3 23. Qb1 Nf4 24. Qe1 Nxe2+ 25. Qxe2 Bd3 26. Qf3 Qe4 27. Nd2 Qxf3 28. Nxf3 Be4 29. a4 Rb8 30. axb5 Bxf3 31. gxf3 axb5 0-1

[Event "West Bromwich e2e4 op"]
[Site "West Bromwich"]
[Date "2014.02.23"]
[Round "5"]
[White "Barnes, Michael"]
[Black "Kingston, Ian"]
[Result "1-0"]
[WhiteElo "2205"]
[BlackElo "1965"]
[PlyCount "115"]
[EventDate "2014.02.21"]
[EventType "swiss"]
[EventRounds "5"]
[EventCountry "ENG"]
[SourceTitle "CBM 159 Extra"]
[Source "ChessBase"]
[SourceDate "2014.04.24"]
[SourceVersion "1"]
[SourceVersionDate "2014.04.24"]
[SourceQuality "1"]

1. d4 d5 2. Nf3 Nf6 3. c4 c6 4. Nc3 g6 5. Bf4 Bg7 6. e3 0-0 7. Be2 Bf5 8. Qb3 Qb6 9. c5 Qxb3 10. axb3 Nbd7 11. h3 Ne4 12. 0-0 Rfe8 13. b4 e5 14. Nxe4 dxe4 15. Nxe5 Nxe5 16. dxe5 Bxe5 17. Bxe5 Rxe5 18. Rfd1 Be6 19. Rd6 Rd5 20. Rxd5 Bxd5 21. b5 cxb5 22. Bxb5 a6 23. Be2 Rc8 24. b4 Rc7 25. Rd1 Bc6 26. Bc4 Kg7 27. Rd6 Kf8 28. Kh2 Ke7 29. Kg3 a5 30. bxa5 Bd7 31. Rd4 f5 32. Rd5 Kf6 33. h4 Be8 34. Kf4 Bf7 35. Rd6+ Ke7 36. Bxf7 Rxc5 37. Rb6 Kxf7 38. Rxb7+ Kf6 39. Rb6+ Kg7 40. a6 Ra5 41. h5 Kh6 42. g4 fxg4 43. hxg6 hxg6 44. Kxg4 Ra2 45. Kf4 Ra4 46. Ke5 Kh5 47. Kd5 g5 48. Re6 Ra2 49. Rf6 Ra4 50. Kc5 Kg4 51. Kb6 Ra2 52. a7 Rb2+ 53. Kc7 Rc2+ 54. Kb7 Rb2+ 55. Rb6 Rxf2 56. a8Q Rf3 57. Rb3 Kh3 58. Qh8+ 1-0

[Event "West Bromwich e2e4 op"]
[Site "West Bromwich"]
[Date "2014.02.22"]
[Round "3"]
[White "Raghavendra, Mahima"]
[Black "Kingston, Ian"]
[Result "0-1"]
[WhiteElo "1401"]
[BlackElo "1965"]
[PlyCount "94"]
[EventDate "2014.02.21"]
[EventType "swiss"]
[EventRounds "5"]
[EventCountry "ENG"]
[SourceTitle "CBM 159 Extra"]
[Source "ChessBase"]
[SourceDate "2014.04.24"]
[SourceVersion "1"]
[SourceVersionDate "2014.04.24"]
[SourceQuality "1"]

1. Nf3 d5 2. c4 c6 3. b3 Nf6 4. Bb2 g6 5. e3 Bg7 6. Nc3 0-0 7. g3 Bg4 8. Bg2 e5 9. Ne2 e4 10. Nfd4 c5 11. Nc2 dxc4 12. h3 Bf3 13. Bxf3 exf3 14. Ng1 cxb3 15. axb3 Qd3 16. Na3 Nc6 17. Nxf3 Na5 18. Rc1 b6 19. Bc3 Nc6 20. Qe2 Qd7 21. Nc4 Nd5 22. Bxg7 Kxg7 23. Qd3 Ncb4 24. Qe2 Ne7 25. Rc3 Rad8 26. Nfe5 Qe6 27. Qg4 f5 28. Qe2 b5 29. f4 bxc4 30. Rxc4 Qd5 31. 0-0 Nec6 32. Nxc6 Qxc6 33. d4 Qd5 34. Qb2 Kg8 35. Qd2 Qe4 36. Rxc5 Nd5 37. Re1 Rfe8 38. Qg2 Qxg2+ 39. Kxg2 Nb4 40. Ra5 Nc6 41. Ra6 Nxd4 42. Rxa7 Nxb3 43. Kf3 Nd2+ 44. Kf2 Nc4 45. Kf3 Rd2 46. Rf1 Rh2 47. h4 Nd2# 0-1

[Event "High Wycombe e2e4 op U2050"]
[Site "High Wycombe"]
[Date "2013.10.13"]
[Round "4"]
[White "Shaw, Meyrick"]
[Black "Kingston, Ian"]
[Result "1-0"]
[WhiteElo "1900"]
[BlackElo "1951"]
[PlyCount "63"]
[EventDate "2013.10.11"]
[EventType "swiss"]
[EventRounds "5"]
[EventCountry "ENG"]
[SourceTitle "EXT 2015"]
[Source "ChessBase"]
[SourceDate "2014.11.20"]
[SourceVersion "1"]
[SourceVersionDate "2014.11.20"]
[SourceQuality "1"]

1. e4 e5 2. Nf3 Nc6 3. Bc4 Nf6 4. Nc3 Nxe4 5. Bxf7+ Kxf7 6. Nxe4 d5 7. Ng3 e4 8. Ng1 Bc5 9. N1e2 Rf8 10. d4 Bd6 11. Be3 Kg8 12. Qd2 Bb4 13. c3 Be7 14. 0-0 Bg4 15. h3 Be6 16. b3 Qd7 17. Nf4 Bf7 18. Nfh5 Nd8 19. Nxg7 Kxg7 20. Bh6+ Kh8 21. Bxf8 Bxf8 22. f3 Bd6 23. Ne2 Bg6 24. Nf4 Bxf4 25. Qxf4 Qg7 26. fxe4 Bxe4 27. Qf8+ Qxf8 28. Rxf8+ Kg7 29. Raf1 Bg6 30. g4 Bf7 31. R1xf7+ Nxf7 32. Rxa8 1-0

[Event "High Wycombe e2e4 op U2050"]
[Site "High Wycombe"]
[Date "2013.10.12"]
[Round "2"]
[White "Desmedt, Richard E"]
[Black "Kingston, Ian"]
[Result "0-1"]
[WhiteElo "1837"]
[BlackElo "1951"]
[PlyCount "38"]
[EventDate "2013.10.11"]
[EventType "swiss"]
[EventRounds "5"]
[EventCountry "ENG"]
[SourceTitle "EXT 2015"]
[Source "ChessBase"]
[SourceDate "2014.11.20"]
[SourceVersion "1"]
[SourceVersionDate "2014.11.20"]
[SourceQuality "1"]

1. e4 e5 2. Nc3 Nf6 3. f4 d5 4. fxe5 Nxe4 5. d3 Nxc3 6. bxc3 d4 7. Nf3 dxc3 8. Be2 Nc6 9. 0-0 Bc5+ 10. Kh1 0-0 11. Qe1 Bg4 12. Qxc3 Bxf3 13. Bxf3 Bd4 14. Qb3 Bxa1 15. Bd5 Bxe5 16. Bxf7+ Kh8 17. d4 Nxd4 18. Qe3 Qe7 19. Ba3 Rxf7 0-1

[Event "High Wycombe e2e4 op U2050"]
[Site "High Wycombe"]
[Date "2013.10.12"]
[Round "3"]
[White "Kingston, Ian"]
[Black "Lawson, Maurice Elliot"]
[Result "1-0"]
[WhiteElo "1951"]
[BlackElo "1910"]
[PlyCount "61"]
[EventDate "2013.10.11"]
[EventType "swiss"]
[EventRounds "5"]
[EventCountry "ENG"]
[SourceTitle "EXT 2015"]
[Source "ChessBase"]
[SourceDate "2014.11.20"]
[SourceVersion "1"]
[SourceVersionDate "2014.11.20"]
[SourceQuality "1"]

1. e4 c6 2. d4 d5 3. Nd2 dxe4 4. Nxe4 Bf5 5. Ng3 Bg6 6. N1e2 e6 7. h4 h6 8. Nf4 Bh7 9. Bc4 Nf6 10. 0-0 Nd5 11. Re1 Be7 12. Qg4 0-0 13. Nfh5 Bg6 14. Bxd5 exd5 15. Nxg7 Bxh4 16. Ne6 Qe7 17. Nf5 Qf6 18. Nxh4 fxe6 19. Qxg6+ Qxg6 20. Nxg6 Rf6 21. Ne5 Na6 22. c3 Kh7 23. Bd2 Rg8 24. Re2 Nc7 25. Rae1 h5 26. g3 h4 27. Kg2 hxg3 28. fxg3 Ne8 29. Rf2 Rgf8 30. Rxf6 Rxf6 31. Rf1 1-0

[Event "West Bromwich e2e4 op"]
[Site "West Bromwich"]
[Date "2013.01.26"]
[Round "3"]
[White "Kingston, Ian"]
[Black "Gupta, Arul"]
[Result "1-0"]
[WhiteElo "1950"]
[BlackElo "1762"]
[PlyCount "67"]
[EventDate "2013.01.25"]
[EventType "swiss"]
[EventRounds "5"]
[EventCountry "ENG"]
[SourceTitle "CBM 152 Extra"]
[Source "ChessBase"]
[SourceDate "2013.02.25"]
[SourceVersion "1"]
[SourceVersionDate "2013.02.25"]
[SourceQuality "1"]

1. d4 d5 2. Nf3 Nf6 3. g3 e6 4. Bg2 Bd6 5. 0-0 0-0 6. c4 dxc4 7. Nc3 c5 8. dxc5 Bxc5 9. Qxd8 Rxd8 10. Ne5 Nbd7 11. Nxc4 a6 12. Bf4 Re8 13. Bd6 Ra7 14. Na4 Bxf2+ 15. Rxf2 b5 16. Na5 bxa4 17. Nc6 Rb7 18. Ne7+ Kh8 19. Nxc8 Rxb2 20. Ba3 Rc2 21. Nd6 Rf8 22. e4 Rxf2 23. Kxf2 Ne5 24. Bf1 Nfg4+ 25. Kg1 Nf3+ 26. Kg2 Nd4 27. Rc1 Ne3+ 28. Kh3 g5 29. Bb2 e5 30. Bxd4 exd4 31. Nf5 Nxf5 32. exf5 Rd8 33. Bd3 h5 34. Rc4 1-0

[Event "BCF-chT3 0910 (4NCL)"]
[Site "England"]
[Date "2010.05.02"]
[Round "10.6"]
[White "Kingston, Ian"]
[Black "Frostick, Helen M"]
[Result "1/2-1/2"]
[WhiteElo "1999"]
[BlackElo "1922"]
[PlyCount "121"]
[EventDate "2009.10.24"]
[EventType "team-tourn"]
[EventRounds "11"]
[EventCountry "ENG"]
[SourceTitle "EXT 2011"]
[Source "ChessBase"]
[SourceDate "2010.11.26"]
[SourceVersion "1"]
[SourceVersionDate "2010.11.26"]
[SourceQuality "1"]
[WhiteTeam "Nottinghamshire"]
[BlackTeam "AMCA Rhinos"]
[WhiteTeamCountry "ENG"]
[BlackTeamCountry "ENG"]

1. e4 c5 2. Nf3 Nc6 3. Bb5 Nf6 4. e5 Nd5 5. Bxc6 dxc6 6. 0-0 Bg4 7. b3 e6 8. Bb2 Be7 9. d3 0-0 10. Nbd2 f6 11. h3 Bxf3 12. Nxf3 fxe5 13. Bxe5 Bd6 14. Re1 h6 15. Qe2 Nc7 16. Bxd6 Qxd6 17. Qe5 Rad8 18. Qxd6 Rxd6 19. Ne5 b5 20. a3 a6 21. Re3 Nd5 22. Rf3 Rxf3 23. Nxf3 Kf7 24. Re1 Nf4 25. h4 Kf6 26. Re4 g5 27. hxg5+ hxg5 28. g3 Ng6 29. Nd2 Rd5 30. Re1 Ne5 31. Kg2 Kf5 32. Ne4 c4 33. Nc3 Rd8 34. dxc4 bxc4 35. b4 Rd2 36. Re2 Rd8 37. Ne4 a5 38. Nc5 axb4 39. axb4 c3 40. Re3 Rd4 41. Rxc3 Rxb4 42. Nd3 Nxd3 43. cxd3 Rd4 44. Kf3 Ke5 45. Ke3 Kd5 46. Rxc6 Rxd3+ 47. Kxd3 Kxc6 48. Ke4 Kd6 49. f3 Ke7 50. Ke5 Kf7 51. Kd6 Kf6 52. g4 Kf7 53. Ke5 Ke7 54. Ke4 Kf6 55. Kd4 Ke7 56. Ke5 Kf7 57. f4 gxf4 58. Kxf4 Kf6 59. g5+ Kg6 60. Ke5 Kxg5 61. Kxe6 1/2-1/2

[Event "BCF-chT3 0910 (4NCL)"]
[Site "England"]
[Date "2010.03.28"]
[Round "8.5"]
[White "Kingston, Ian"]
[Black "Bromilow, Edward"]
[Result "1/2-1/2"]
[WhiteElo "1999"]
[BlackElo "1922"]
[PlyCount "56"]
[EventDate "2009.10.24"]
[EventType "team-tourn"]
[EventRounds "11"]
[EventCountry "ENG"]
[SourceTitle "EXT 2011"]
[Source "ChessBase"]
[SourceDate "2010.11.26"]
[SourceVersion "1"]
[SourceVersionDate "2010.11.26"]
[SourceQuality "1"]
[WhiteTeam "Nottinghamshire"]
[BlackTeam "Bristol II"]
[WhiteTeamCountry "ENG"]
[BlackTeamCountry "ENG"]

1. e4 c6 2. d4 d5 3. Nd2 dxe4 4. Nxe4 Bf5 5. Ng3 Bg6 6. N1e2 e5 7. c3 exd4 8. Qxd4 Qxd4 9. Nxd4 Nd7 10. Bc4 Ne5 11. Be2 Nd3+ 12. Kf1 Nxc1 13. Rxc1 0-0-0 14. f4 h6 15. f5 Bh7 16. Bc4 Bc5 17. Nf3 f6 18. Be6+ Kc7 19. Ke2 Ne7 20. Ne4 Bb6 21. g4 Nd5 22. Bxd5 cxd5 23. Ned2 Rhe8+ 24. Kf1 g6 25. fxg6 Bxg6 26. Nd4 Bd3+ 27. Kg2 Kd6 28. Rhe1 Bxd4 1/2-1/2

[Event "BCF-chT3 0910 (4NCL)"]
[Site "England"]
[Date "2010.03.27"]
[Round "7.6"]
[White "Kingston, Ian"]
[Black "Ludbrook, Matthew"]
[Result "1/2-1/2"]
[WhiteElo "1999"]
[BlackElo "2011"]
[PlyCount "59"]
[EventDate "2009.10.24"]
[EventType "team-tourn"]
[EventRounds "11"]
[EventCountry "ENG"]
[SourceTitle "EXT 2011"]
[Source "ChessBase"]
[SourceDate "2010.11.26"]
[SourceVersion "1"]
[SourceVersionDate "2010.11.26"]
[SourceQuality "1"]
[WhiteTeam "Nottinghamshire"]
[BlackTeam "Oxford II"]
[WhiteTeamCountry "ENG"]
[BlackTeamCountry "ENG"]

1. e4 e6 2. d4 d5 3. Nc3 Bb4 4. Nge2 dxe4 5. a3 Bxc3+ 6. Nxc3 f5 7. f3 exf3 8. Qxf3 Nf6 9. Bf4 c6 10. 0-0-0 0-0 11. Bc4 Nd5 12. Nxd5 cxd5 13. Bd3 Nd7 14. g4 Nf6 15. gxf5 exf5 16. Rhg1 a6 17. Be5 Ng4 18. Qg3 Rf7 19. Bf4 b5 20. h3 Nf6 21. Be5 Raa7 22. Rdf1 Ne4 23. Qe1 Qb6 24. Rg2 a5 25. Rfg1 Rae7 26. Qh4 Rb7 27. Qh5 Qc6 28. Qh4 Rbd7 29. Qh5 Rb7 30. Qh4 1/2-1/2

[Event "BCF-chT3 0910 (4NCL)"]
[Site "England"]
[Date "2010.02.20"]
[Round "5.6"]
[White "Kingston, Ian"]
[Black "Clements, Thomas A"]
[Result "0-1"]
[WhiteElo "1999"]
[BlackElo "1962"]
[PlyCount "92"]
[EventDate "2009.10.24"]
[EventType "team-tourn"]
[EventRounds "11"]
[EventCountry "ENG"]
[SourceTitle "EXT 2011"]
[Source "ChessBase"]
[SourceDate "2010.11.26"]
[SourceVersion "1"]
[SourceVersionDate "2010.11.26"]
[SourceQuality "1"]
[WhiteTeam "Nottinghamshire"]
[BlackTeam "3Cs"]
[WhiteTeamCountry "ENG"]
[BlackTeamCountry "ENG"]

1. e4 g6 2. d4 Bg7 3. Nc3 d6 4. Be3 a6 5. Nf3 b5 6. a3 Bb7 7. Be2 Nd7 8. 0-0 Rc8 9. Qd2 c5 10. d5 h5 11. Ng5 Ngf6 12. f4 Nb6 13. f5 gxf5 14. Rxf5 Qd7 15. Raf1 Qc7 16. Nd1 Nbd7 17. Nf2 Ne5 18. Nfh3 Kd7 19. Bf4 Rcf8 20. Bxe5 dxe5 21. Qc3 Ke8 22. Nf2 Bc8 23. Rf3 Bh6 24. h4 Rhg8 25. Nfh3 Bxh3 26. Rxh3 Bxg5 27. hxg5 Nxe4 28. Qe3 Nxg5 29. Rxh5 f6 30. a4 c4 31. axb5 axb5 32. b3 Rh8 33. bxc4 bxc4 34. Ra1 Kf7 35. Ra7 Qd6 36. Rxg5 fxg5 37. Bxc4 e4 38. g3 Rc8 39. Qf2+ Qf6 40. Bb3 Qxf2+ 41. Kxf2 Kf6 42. Ke3 Rc3+ 43. Kxe4 Rxg3 44. Ra6+ Kg7 45. Kf5 Rf8+ 46. Ke6 Rf6+ 0-1

[Event "BCF-chT3 0910 (4NCL)"]
[Site "England"]
[Date "2010.01.17"]
[Round "4.6"]
[White "Kingston, Ian"]
[Black "Donaghay, Richard H"]
[Result "0-1"]
[WhiteElo "1999"]
[BlackElo "1975"]
[PlyCount "100"]
[EventDate "2009.10.24"]
[EventType "team-tourn"]
[EventRounds "11"]
[EventCountry "ENG"]
[SourceTitle "EXT 2011"]
[Source "ChessBase"]
[SourceDate "2010.11.26"]
[SourceVersion "1"]
[SourceVersionDate "2010.11.26"]
[SourceQuality "1"]
[WhiteTeam "Nottinghamshire"]
[BlackTeam "Iceni"]
[WhiteTeamCountry "ENG"]
[BlackTeamCountry "ENG"]

1. d4 Nf6 2. c4 e5 3. Nc3 exd4 4. Qxd4 Nc6 5. Qd1 Bc5 6. Nf3 Ng4 7. e3 0-0 8. Be2 Re8 9. 0-0 d6 10. h3 Nge5 11. Na4 Qf6 12. Nxe5 Nxe5 13. Nxc5 dxc5 14. f4 Nc6 15. Bg4 Be6 16. Bxe6 Rxe6 17. Rb1 Rd8 18. Qe2 Qf5 19. Bd2 Qc2 20. Rfd1 Red6 21. Rbc1 Qxb2 22. Rb1 Qxa2 23. Ra1 Qc2 24. Rac1 Qe4 25. Kf2 b6 26. Bc3 Rd3 27. Rxd3 Qxd3 28. Qf3 Nb4 29. Qg4 Qg6 30. Rd1 Re8 31. Qd7 Qe4 32. Be5 Qc6 33. Qg4 Qg6 34. Qd7 f6 35. Bxc7 Qf7 36. Qb5 Qe6 37. Qxe8+ Qxe8 38. Rd8 Kf7 39. Rxe8 Kxe8 40. Bb8 Nc6 41. Bd6 Na5 42. Bb8 a6 43. e4 Nxc4 44. g4 Kd7 45. f5 a5 46. Bg3 a4 47. Ke2 a3 48. Be1 b5 49. Bc3 b4 50. Ba1 b3 0-1

[Event "Uxbridge A2Bmedialtd.com-D"]
[Site "Uxbridge"]
[Date "2009.08.15"]
[Round "6"]
[White "Foster, James M"]
[Black "Kingston, Ian"]
[Result "1-0"]
[WhiteElo "1867"]
[BlackElo "2036"]
[PlyCount "85"]
[EventDate "2009.08.12"]
[EventType "tourn"]
[EventRounds "9"]
[EventCountry "ENG"]
[SourceTitle "EXT 2012"]
[Source "ChessBase"]
[SourceDate "2011.11.24"]
[SourceVersion "1"]
[SourceVersionDate "2011.11.24"]
[SourceQuality "1"]

1. e4 e5 2. Nf3 Nc6 3. Bc4 Nf6 4. Ng5 d5 5. exd5 Na5 6. Bb5+ c6 7. dxc6 bxc6 8. Be2 h6 9. Nf3 e4 10. Ne5 Bc5 11. c3 Bd6 12. d4 exd3 13. Nxd3 Qc7 14. h3 0-0 15. 0-0 Bf5 16. Nd2 Rad8 17. Nf3 c5 18. Qa4 Rfe8 19. Be3 Nd5 20. Rad1 Nxe3 21. fxe3 Rxe3 22. Nf4 Re4 23. b4 Bxf4 24. Bd3 Be3+ 25. Kh1 Nc6 26. Bxe4 Rxd1 27. Rxd1 Bxe4 28. b5 Bxf3 29. gxf3 Qg3 30. Qg4 Qxg4 31. fxg4 Ne5 32. Rd8+ Kh7 33. Re8 f6 34. a4 Bd2 35. Re7 Bxc3 36. Rxa7 Bd4 37. a5 c4 38. Rc7 c3 39. b6 Nd3 40. b7 Ba7 41. Rxc3 Nb4 42. Rc8 Na6 43. Ra8 1-0